000 01476nam a2200217Ia 4500
008 220820s9999 xx 000 0 und d
020 _a97875126320807512632088
041 _achi
_heng
050 _aBR1296
_b.S2512 2014
100 _aHamrin, Carol Lee
245 0 _a光与盐. 第二卷 :
_b/
_c李可柔 (Carol Lee Hamrin) 著; 毕乐思 (Stacey Bieler) 編; 彭萃安, 李亚丁, 王文宗, 杨海利译
246 _a光與鹽. 第二卷
_b/
260 _a北京市 :
_b团结出版社,
_c2014
300 _a3, 12, 321 p.
_bill. ;
_c25 cm
500 _aTranslaiton of: Salt and light 2 : more lives of faith that shaped modern China.
505 _aYan Yongjing and Yan Huiqing : father and son bridging East and West / by Carol Lee Hamrin -- Ma Xiangbo : pioneer of educational reform / by Jean-Paul West -- Kuang Fuzhuo : from coolie to educator and humanitarian / by Chi Wai Cheung -- The Xu family : a legacy of service / by Stacey Bieler -- Zhou Tingxu : early modernist painter and world-class sportsman / by Kazimierz Poznanski -- Yin Renxian : a light in the darkness / by Wenzong Wang -- Sun Mingjing and Lü Jin'ai : pioneers of educational films / by Ying Zhu -- Zhang Boling : the making of a new Chinese citizen / by John Barwick.
650 _aChristian biography -- China.China -- Social conditions -- 1644-1912.China -- Social conditions -- 1912-1949.
700 _aBieler, Stacey
700 _a李可柔彭萃安王文宗李亚丁
999 _c40735
_d40735